000 00974nam a2200253Ia 4500
003 OSt
005 20220930095126.0
006 a|||||r|||| 00| 0
007 ta
008 220926b |||||||| |||| 00| 0 pan d
024 _a68801
037 _cTheses
040 _aCRL
_cCRL
_bpan
041 _2pan
_apan
100 _aਕੌਰ, ਕਵਲਜੀਤ, ਂਚ.
110 _aਦਿੱਲੀ ਯੂਨੀਵਰਸਿਟੀ. ਆਰਟਸ ਖ਼ੈਕਲਟੀ. ਪੰਜਾਬੀ ਵਿਭਾਗ
_9556946
245 0 _aਨਾਰੀ ਕਹਾਣੀਕਾਰ ਦੀਆਂ ਕਹਾਣੀਆ ਵਿਚ ਨਾਰੀ ਚੇਤਨਾ
260 _c2019
300 _a541ਪ੍ਰ0
_ap.
_ccm.
650 _aਪੰਜਾਬੀ ਭਾFਾ
700 _aਦਿੱਲੀ ਯੂਨੀਵਰਸਿਟੀ. ਆਰਟਸ ਖ਼ੈਕਲਟੀ. ਪੰਜਾਬੀ ਵਿਭਾਗ
_9556947
942 _cDIS
_2CC
999 _c888366
_d888366